La Restauración de Santa María de l'Estany
Publicado:
San Jorge, núm. 67 - 68 (2n semestre 1967), pàg 119 :
MARC
| LEADER | 00000nam a2200000Ia 4500 | ||
|---|---|---|---|
| 001 | |||
| 008 | 160829s9999 xx 000 0 cat d | ||
| 245 | |a La Restauración de Santa María de l'Estany | ||
| 260 | |a San Jorge, núm. 67 - 68 (2n semestre 1967), pàg 119 | ||
| 650 | |a Església de Santa Maria de l'Estany (Manresa) |9 40462 | ||
| 901 | |a Arxiu | ||
| 942 | |n 1 | ||
| 952 | |0 0 |1 0 |4 0 |7 1 |9 49720 |a Arxiu |b Arxiu |d 2016-12-01 |l 0 |r 2016-12-01 00:00:00 |w 2016-12-01 |y ARXIU | ||
| 999 | |c 53562 |d 53562 | ||